000 01188nam a2200205Ia 4500
003 OSt
005 20260427100621.0
008 210210b1984 xxu||||| |||| 00| 0 eng d
040 _cAL
041 _aKannada
082 _a616.0194K BHAM
100 _aBHATTA (Ha Ra).
_dಹ.ರಾ. ಭಟ್ಟ
_9262796
245 _aMangana kayile vunnigalu mattu hatoti.
_bಮಂಗನ ಕೈಲಿ ವುಣ್ಣಿಗಳು
260 _aMundaje.
_bSadashaya Prakashana,
_c1984
300 _a28
520 _a"ಮಂಗನ ಕೈಲಿ ವುಣ್ಣಿಗಳು" ಎಂಬುದು ಹ.ರಾ. ಭಟ್ಟ (ಹಿರಿಯಂಗಡಿ ರಾಮಕೃಷ್ಣ ಭಟ್ಟ) ಅವರ ಒಂದು ಪ್ರಸಿದ್ಧ ಲೇಖನ ಅಥವಾ ಪ್ರಬಂಧವಾಗಿದೆ. ಇದು ಮುಖ್ಯವಾಗಿ ಕೃಷಿಯಲ್ಲಿ ಮಂಗಗಳ ಹಾವಳಿ (Monkey Menace) ಮತ್ತು ಅವುಗಳ ಹತೋಟಿ (Control Measures) ಕುರಿತಾದ ಶಾಸ್ತ್ರೀಯ ಮತ್ತು ಪ್ರಾಯೋಗಿಕ ಮಾಹಿತಿಯನ್ನು ಒಳಗೊಂಡಿದೆ
690 _aDiseases
_9262797
906 _a041532
942 _2ddc
_cBK
999 _c91576
_d91576